| 000 | 00931nam a2200241 4500 | ||
|---|---|---|---|
| 001 | 113526 | ||
| 003 | DR-UNIBE | ||
| 005 | 20250501113442.0 | ||
| 008 | 250501b2001 pr ||||| |||| 00| 0 spa d | ||
| 020 | _a0327019972 | ||
| 040 |
_aBIBLIOTECA UNIBE _bspa _cBIBLIOTECA UNIBE _erda |
||
| 041 | _aspa | ||
| 082 |
_222 _a342.972.95 P977c |
||
| 110 | 1 | 0 |
_aPuerto Rico. Leyes, decretos, etc _9194803 _eautor |
| 245 | 1 | 0 | _aConstitución del Estado Libre Asociado de Puerto Rico |
| 250 | _aEdición conmemorativa | ||
| 260 |
_aSan Juan : _bLexis-Nexis _c2001 |
||
| 300 |
_av, 399 páginas : _c15 x 10 cm |
||
| 500 | _aEdición conmemorativa de cincuentenario de la Constitución del Estado Libre Asociado de Puerto Rico 1952-2002 | ||
| 505 | _aPrefacio | Análisis de los artículos y las secciones | Preámbulo | Artículos | Signatarios de la Constitución | ||
| 651 | 7 |
_aPuerto Rico _xConstitución _9194806 |
|
| 942 |
_2ddc _cBK |
||
| 999 |
_c113526 _d113526 |
||